Utilización de un software para facilitar la enseñanza de la Historia en la Educación Media /

Este proyecto tuvo como objetivo aplicar un software de Historia en dos niveles de la enseñanza media del Colegio Siglo XXI. En primer lugar tratamos de lograr una mayor motivación por el estudio de la asignatura y por sobre todo facilitar la comprensión de los procesos históricos estudiados por los...

Full description

Bibliographic Details
Main Author: Rosati Aguerre, Hugo
Other Authors: Pastene Ortega, Sergio, Casals Araya, Marcelo
Format: Analitica de revista
Language:Spanish
Published: Santiago, Chile Pontificia Universidad Católica de Chile 2006
Subjects:

MARC

LEADER 00000cab a2200000 a 4500
001 026075
003 UAHC_CL
005 20180808113803.0
008 090414s cl 000 spa
952 |0 0  |1 0  |2 ddc  |4 0  |6 BOL___INVEST__EDUC_02_06_000000000000000  |7 0  |8 COMP  |9 52864  |a BC  |b BC  |c General  |d 2017-08-03  |l 0  |o BOL. INVEST. EDUC.-02/06  |r 2018-01-17 00:00:00  |w 2017-08-03  |y REVA 
999 |c 26075  |d 26075 
040 |a UAHC_CL  |c UAHC_CL  |d UAHC_CL 
100 1 |a Rosati Aguerre, Hugo 
245 1 0 |a Utilización de un software para facilitar la enseñanza de la Historia en la Educación Media /  |c Hugo Rosati Aguerre, Marcelo Casals Araya y Sergio Pastene Ortega. 
260 |b Pontificia Universidad Católica de Chile  |c 2006  |a Santiago, Chile 
300 |a p. 335-346 
500 |a En: Boletín de investigación educacional, nº02, vol. 21, 2006. p. 335-346. ISSN 07172494. 
520 |a Este proyecto tuvo como objetivo aplicar un software de Historia en dos niveles de la enseñanza media del Colegio Siglo XXI. En primer lugar tratamos de lograr una mayor motivación por el estudio de la asignatura y por sobre todo facilitar la comprensión de los procesos históricos estudiados por los alumnos. 
650 4 |a PROFESORES  |x CONDICIONES LABORALES 
653 |a PEDAGOGIA EN EDUCACION BASICA 
700 1 |a Pastene Ortega, Sergio 
700 1 |a Casals Araya, Marcelo 
773 0 |t Boletín de Investigación Educacional.  |w 025995 
900 |a BOL. INVEST. EDUC.-02/06 
942 |c REVA  |2 ddc